书目信息 |
| 题名: |
当前我国经济若干问题
|
|
| 作者: | 薛暮桥 著 | |
| 分册: | ||
| 出版信息: | 北京 人民出版社 1980 |
|
| 页数: | 251页 | |
| 开本: | 19cm | |
| 丛书名: | ||
| 单 册: | ||
| 中图分类: | F120.2 | |
| 科图分类: | ||
| 主题词: | 社会主义经济--研究--中国 | |
| 电子资源: | ||
| ISBN: | ||
| 000 | 00618nam0 2200229 45 | |
| 001 | 0180008047 | |
| 005 | 20060911112530.67 | |
| 010 | @dCNY0.55 | |
| 091 | @aCN@b4001.390 | |
| 100 | @a19950705d1980 em y0chiy0121 ea | |
| 101 | 0 | @achi |
| 102 | @aCN@b110000 | |
| 105 | @ay z 000yy | |
| 200 | 10 | @a当前我国经济若干问题@Adang qian wo guo jing ji ruo gan wen ti@f薛暮桥著 |
| 210 | @a北京@c人民出版社@d1980 | |
| 215 | @a251页@d19cm | |
| 606 | @a社会主义经济@x研究@y中国 | |
| 690 | @aF120.2@v3 | |
| 701 | 0 | @a薛暮桥@Axue mu qiao@4著 |
| 801 | 2 | @aCN@bNLC@c20060911 |
| 801 | 0 | @aCN@bTSSF |
| 905 | @a10447@dF120.2@e158 | |
| 当前我国经济若干问题/薛暮桥著.-北京:人民出版社,1980 |
| 251页;19cm |
| ISBN :CNY0.55 |
| ● |
| 相关链接 |
|
|
|
|
正题名:当前我国经济若干问题
索取号:F120.2/158
 
预约/预借
| 序号 | 登录号 | 条形码 | 馆藏地/架位号 | 状态 | 备注 |
| 1 | 0471956 | 204719563 | 密集书库/ [索取号:F120.2/158] | 在馆 |